000 00578nam a2200217Ia 4500
005 20241129120254.0
008 241129s9999||||xx |||||||||||||| ||und||
020 _a9789391982164
037 _aTB
040 _aSDCL
_beng
_cSDCL
041 _ahin
_2hin
084 _aV2:24'P R3
_qSDCL
100 _aSankrityayan Rahul
245 0 _aNaye Bharat ke naye neta
260 _aDelhi
_bLG Publishers Distributors India
_c2023
300 _a562p.
365 _aINR
_b1200
650 _aPolitical Science
942 _cTB
_hV2:24'P R3
999 _c1234106
_d1234106